| 000 | 00506 a2200193 4500 | ||
|---|---|---|---|
| 005 | 20250613103745.0 | ||
| 020 | _a978-07-352678-2 | ||
| 082 | _a657 EDM | ||
| 100 | _aEDMONDS, P. T. | ||
| 245 | _aFundamental Financial Accounting Concepts | ||
| 250 | _a6th Ed. | ||
| 260 |
_aBoston, _bMcGraw-Hill Irwin, _c2008. |
||
| 300 |
_axxvii,761p. _bIndex _c28 cm |
||
| 700 | _aCindy D. Edmonds, , | ||
| 700 | _aFrances M. McNair | ||
| 700 | _aard E. Milam | ||
| 700 | _a Edw $ Philip R. Olds | ||
| 942 |
_2ddc _cBKS |
||
| 999 |
_c3638 _d3638 |
||